000
00290nam a22001337a 4500
008
171023b xxu||||| |||| 00| 0 eng d
020
_a
9780761985334
041
_a
eng
080
_a
311
100
_a
55
101
_a
STA
245
_a
MULTIPLE REGRESSION
_c
ALLISON,P.D
942
_2
udc
_c
BK
999
_c
35557
_d
35557